UBT Library

Gardens in bloom / (Record no. 39976)

000 -LEADER
fixed length control field 00610cam a2200217 a 4500
001 - CONTROL NUMBER
control field 3961386
005 - DATE AND TIME OF LATEST TRANSACTION
control field 20180109093828.0
008 - FIXED-LENGTH DATA ELEMENTS--GENERAL INFORMATION
fixed length control field 940819s1995 nyua 000 0 eng
010 ## - LIBRARY OF CONGRESS CONTROL NUMBER
LC control number 94032480
020 ## - INTERNATIONAL STANDARD BOOK NUMBER
International Standard Book Number 1567991637
040 ## - CATALOGING SOURCE
Original cataloging agency DLC
Transcribing agency DLC
Modifying agency DLC
041 ## - LANGUAGE CODE
Language code of text/sound track or separate title eng
080 ## - UNIVERSAL DECIMAL CLASSIFICATION NUMBER
Universal Decimal Classification number 758.1 MAR
082 00 - DEWEY DECIMAL CLASSIFICATION NUMBER
Classification number 758.1 MAR
Edition number 20
100 1# - Rafti
Rafti 9
101 ## - Shkurtesa
Shkurtesa MJE
245 10 - TITLE STATEMENT
Title Gardens in bloom /
Statement of responsibility, etc Roxana Marcoci.
906 ## - LOCAL DATA ELEMENT F, LDF (RLIN)
a 7
b cbc
c orignew
d 1
e ocip
f 19
g y-gencatlg
942 ## - ADDED ENTRY ELEMENTS (KOHA)
Source of classification or shelving scheme
Item type Books
Holdings
Withdrawn status Lost status Source of classification or shelving scheme Damaged status Not for loan Collection code Permanent location Current location Shelving location Date acquired Total Checkouts Full call number Barcode Date last seen Price effective from Koha item type
          Koleksioni i përgjithshem UBT - Lipjan UBT - Lipjan Koleksioni i përgjithshem 01/09/2018   758.1 MAR 002-2995097 01/09/2018 01/09/2018 Books
UBT Library © 2015-2024. All rights reserved University Education for Business and Technology